Sports Quiz

Random Sports or NFL Quiz

NFL #1 Draft Picks (2010s) Quiz Stats

 Plays Quiz Updated Sep 3, 2019

Score 0/10 Timer 04:00
13 Plays Today
Hint Answer % Correct
2012Andrew Luck
98.8%
2011Cam Newton
97.8%
2015Jameis Winston
94.5%
2018Baker Mayfield
91%
2016Jared Goff
90.9%
2010Sam Bradford
88.5%
2014Jadeveon Clowney
87%
2019Kyler Murray
68.6%
2017Myles Garrett
67.2%
2013Eric Fisher
47.4%

You're not logged in!

Compare scores with friends on all Sporcle quizzes.
OR
Log In

Sporcle TV

Today on Sporcle TV


Watch our educational content, quiz creation guides, and fun videos on Sporcle TV.

Show Comments

Extras

Top Quizzes Today


Score Distribution

Your Account Isn't Verified!

In order to create a playlist on Sporcle, you need to verify the email address you used during registration. Go to your Sporcle Settings to finish the process.

Report this User

Report this user for behavior that violates our Community Guidelines.

Details: